Песня про царя Ивана Васильевича, молодого опричника и удалого купца Калашникова (Запись № 6534155)

Подробности
000 -МАРКЕР
контрольное поле 00917nam0a22002291 4500
001 - ИДЕНТИФИКАТОР ЗАПИСИ
контрольное поле rc\1067007
005 - ИДЕНТИФИКАТОР ВЕРСИИ
контрольное поле 20260406115000.0
035 ## - ДРУГИЕ СИСТЕМНЫЕ НОМЕРА
Идентификатор записи (NLR Aleph) 006227290
100 ## - ДАННЫЕ ОБЩЕЙ ОБРАБОТКИ
Данные общей обработки 20041129d1980 |||y0rusy50 ca
101 0# - ЯЗЫК РЕСУРСА
Язык текста, звукозаписи и т.д. русский
102 ## - СТРАНА ПУБЛИКАЦИИ ИЛИ ПРОИЗВОДСТВА
Страна публикации Российская Федерация
105 ## - ПОЛЕ КОДИРОВАННЫХ ДАННЫХ: ТЕКСТОВЫЕ МАТЕРИАЛЫ, МОНОГРАФИЧЕСКИЕ
Кодированные данные о монографическом текстовом документе a |||||||||
200 1# - ЗАГЛАВИЕ И СВЕДЕНИЯ ОБ ОТВЕТСТВЕННОСТИ
Основное заглавие Песня про царя Ивана Васильевича, молодого опричника и удалого купца Калашникова
Сведения, относящиеся к заглавию [Для детей]
Первые сведения об ответственности М.Ю. Лермонтов
Последующие сведения об ответственности [Худож. С.В. Калачев]
210 ## - ПУБЛИКАЦИЯ, РАСПРОСТРАНЕНИЕ И ДР.
Место издания, распространения и т.д. Воронеж
Имя издателя, распространителя и т. д. Центр.-Чернозем. кн. изд-во
Дата издания, распространения и т.д. 1980
215 ## - ФИЗИЧЕСКАЯ ХАРАКТЕРИСТИКА
Специфическое обозначение материала и объем 30 с.
Другие сведения о физической характеристике цв. ил.
Размеры 20
700 #1 - ИМЯ ЛИЦА - ПЕРВИЧНАЯ ОТВЕТСТВЕННОСТЬ
Графика поля Кириллица
Материалы, к которым относится поле rus
Начальный элемент ввода Лермонтов
Часть имени, кроме начального элемента ввода М. Ю.
Дополнения к именам, кроме дат поэт
Даты 1814-1841
Расширение инициалов личного имени Михаил Юрьевич
Системный номер авторитетной/нормативной записи 110383
Идентификатор авторитетной/нормативной записи RU\NLR\auth\77328
801 #0 - ИСТОЧНИК ЗАПИСИ
Страна Российская Федерация
Организация NLR
Правила каталогизации psbo
801 #1 - ИСТОЧНИК ЗАПИСИ
Страна Российская Федерация
Организация ELAR
Источник данных rusmarc
852 ## - МЕСТОНАХОЖДЕНИЕ И ШИФР ХРАНЕНИЯ
Идентификатор организации NLR
Шифр хранения (Call Number) 80-4/15385
942 ## - ДОПОЛНИТЕЛЬНЫЕ ЭЛЕМЕНТЫ ЗАПИСИ (АБИС)
Тип экземпляра АБИС Книга
980 ## - КОЛЛЕКЦИЯ
Название коллекции Национальная библиография
Экземпляры
Тип экземпляра Дата поступления Библиотека постоянного хранения Библиотека текущего хранения Место хранения Шифр хранения Штрих-код Статус экземпляра
Книга 26.10.2013 РНБ (Московский) РНБ (Московский) Русский книжный фонд: издания с 1957 года 80-4/15385 6227290-10